Nerf N-Strike Blasters - Statistics

General Stats
  • This quiz has been taken 32 times
  • The average score is 10 of 34
Answer Stats
Blaster Name % Correct
Jolt EX 1
67%
Longshot CS 6
61%
Maverick REV 6
61%
Longstrike CS 6
56%
Recon CS 6
56%
Stampede ECS
56%
Vulcan EBF 25
56%
Deploy CS 6
50%
Barricade RV 10
44%
Magstrike AS 10
44%
Nite Finder EX 3
44%
Spectre REV 5
39%
Alpha Trooper CS 18
33%
Rapid Fire AS 20
33%
Barrel Break IX 2
28%
Reflex IX 1
28%
Titan AS V 1
28%
Secret Strike AS 1
22%
Firefly REV 8
17%
Hornet AS 6
17%
Raider Rapid Fire CS 35
17%
Scout IX 3
17%
SnapFire
17%
Switch Shot EX 3
17%
Tech Target Eliminator
17%
Big Bad Bow
11%
ThunderBlast
11%
Blazin Bow
6%
BowStrike
6%
DoubleDown
6%
GlowShot
6%
SharpFire
6%
SlingStrike
6%
SharpFire Delta
0%
No matching quizzes found
Score Distribution
Percent of People with Each Score
Percentile by Number Answered
Your Score History
You have not taken this quiz